| 000 | 00606am a2200217a 44500 | ||
|---|---|---|---|
| 005 | 20250729150239.0 | ||
| 008 | 150724b2006 xxu||||| |||| 00| 0 spa d | ||
| 020 | _a9977679681 | ||
| 041 | _aESP | ||
| 082 |
_a333.72 _bA596i |
||
| 100 |
_aArias Zúñiga, Ana Lorena _911112 |
||
| 245 | _aIntroducción a los estudios de impacto ambiental | ||
| 260 |
_aCosta Rica _bUniversidad de Costa Rica _c2006 |
||
| 300 | _a127 páginas | ||
| 490 | _aTurismo | ||
| 650 | _aIMPACTO AMBIENTAL | ||
| 650 | _aCOSTA RICA | ||
| 650 | _aMEDIO AMBIENTE | ||
| 650 | _aEVALUACIONES DEL IMPACTO AMBIENTAL | ||
| 942 |
_cBK _2ddc |
||
| 999 |
_c326 _d326 |
||